LIBRARY & INFORMATION CENTRE, KCAET, TAVANUR

ONLINE PUBLIC ACCESS CATALOGUE (OPAC)

Text book of energy technology : Both conventional & renewable source of energy / (Record no. 541)

MARC details
000 -LEADER
fixed length control field 00466cam a2200169ua 4500
020 ## - INTERNATIONAL STANDARD BOOK NUMBER
ISBN 81-7648-101-7
041 ## - LANGUAGE CODE
Language code of text/sound track or separate title eng
082 ## - DEWEY DECIMAL CLASSIFICATION NUMBER
Classification number 530
Item number MAZ/TE
100 ## - MAIN ENTRY--AUTHOR NAME
Personal name Mazumdar, B .
245 ## - TITLE STATEMENT
Title Text book of energy technology : Both conventional & renewable source of energy /
260 ## - PUBLICATION, DISTRIBUTION, ETC. (IMPRINT)
Place of publication India :
Name of publisher A P H Publishing Corporation ,
Year of publication 1999.
300 ## - PHYSICAL DESCRIPTION
Number of Pages ; .
650 ## - SUBJECT ADDED ENTRY--TOPICAL TERM
Topical Term Physics
942 ## - ADDED ENTRY ELEMENTS (KOHA)
Koha item type Books
Holdings
Withdrawn status Lost status Damaged status Home library Current library Date acquired Full call number Accession Number Koha item type
      KAUAET KAUAET 07/04/2012 530 MAZ/TE 20587 Books
free website counter